Elementary Mechanics Using Python A Modern Course Combining Analytical and Numerical Techniques

Springernature.com; Undergraduate Lecture Notes in Physics

Gespeichert in:
Bibliographische Detailangaben
1. Verfasser: Malthe-Sørenssen, Anders
Weitere Verfasser: Cheong, Otfried
Format: Buch
Sprache:Undetermined
Veröffentlicht: Springer 2015
Schlagworte:
Online Zugang:http://lrc.tdmu.edu.vn/opac/search/detail.asp?aID=2&ID=40821
Tags: Tag hinzufügen
Keine Tags, Fügen Sie den ersten Tag hinzu!
Thư viện lưu trữ: Trung tâm Học liệu Trường Đại học Thủ Dầu Một
LEADER 00766nam a2200205Ia 4500
001 TDMU_40821
008 210410s9999 xx 000 0 und d
082 |a 895.922134 
100 |a Malthe-Sørenssen, Anders 
245 0 |a Elementary Mechanics Using Python 
245 2 |b A Modern Course Combining Analytical and Numerical Techniques 
245 0 |c Anders Malthe-Sørenssen 
260 |b Springer 
260 |c 2015 
300 |a 590pages 
520 |a Springernature.com; Undergraduate Lecture Notes in Physics 
650 |a Computational physics; Basic physical; Vật lý học 
700 |a Cheong, Otfried 
856 |u http://lrc.tdmu.edu.vn/opac/search/detail.asp?aID=2&ID=40821 
980 |a Trung tâm Học liệu Trường Đại học Thủ Dầu Một